100 deadliest things on the planet : (Record no. 5263)

MARC details
000 -LEADER
fixed length control field 01089nam a22003137a 4500
001 - CONTROL NUMBER
control field 5263
003 - CONTROL NUMBER IDENTIFIER
control field FISKH
005 - DATE AND TIME OF LATEST TRANSACTION
control field 20250113140109.0
008 - FIXED-LENGTH DATA ELEMENTS--GENERAL INFORMATION
fixed length control field 241121b cb ||||| |||| 00| 0 eng d
020 ## - INTERNATIONAL STANDARD BOOK NUMBER
International Standard Book Number 9780545434379
040 ## - CATALOGING SOURCE
Original cataloging agency FISKH
Language of cataloging eng
Transcribing agency FISKH
Modifying agency FISKH
050 ## - LIBRARY OF CONGRESS CALL NUMBER
Classification number QL100.C59
082 ## - DEWEY DECIMAL CLASSIFICATION NUMBER
Classification number 591.65
100 ## - MAIN ENTRY--PERSONAL NAME
Personal name Claybourne, Anna
245 ## - TITLE STATEMENT
Title 100 deadliest things on the planet :
Remainder of title Get ready to run ! /
Statement of responsibility, etc. by Anna Claybourne
250 ## - EDITION STATEMENT
Edition statement First printing , September 2012
260 ## - PUBLICATION, DISTRIBUTION, ETC.
Place of publication, distribution, etc. New York :
Name of publisher, distributor, etc. Scholastic ;
Date of publication, distribution, etc. 2012 .
300 ## - PHYSICAL DESCRIPTION
Extent 112 pages :
Other physical details color illustrations ;
Dimensions 24 cm .
490 ## - SERIES STATEMENT
Series statement 100 ... Things on the Planet
505 ## - FORMATTED CONTENTS NOTE
Formatted contents note Z <br/>
520 ## - SUMMARY, ETC.
Summary, etc. Describes the one hundred most dangerous animals, plants, diseases, and weather on the planet, including scorpions, sharks, wolfsbane, killer bees, smallpox, tsunamis, and earthquakes.
521 8# - TARGET AUDIENCE NOTE
Target audience note 940 <br/>
Source Lexile <br/>
521 8# - TARGET AUDIENCE NOTE
Target audience note Z <br/>
Source Raz-Plus <br/>
650 ## - SUBJECT ADDED ENTRY--TOPICAL TERM
Topical term or geographic name entry element disasters
Form subdivision non-fiction
650 ## - SUBJECT ADDED ENTRY--TOPICAL TERM
Topical term or geographic name entry element animals
Form subdivision non-fiction
700 ## - ADDED ENTRY--PERSONAL NAME
Personal name Wood, Sorrel
Relator term Editorial director
942 ## - ADDED ENTRY ELEMENTS (KOHA)
Source of classification or shelving scheme Dewey Decimal Classification
Koha item type Books
Suppress in OPAC No
Holdings
Withdrawn status Lost status Source of classification or shelving scheme Damaged status Not for loan Collection Home library Current library Shelving location Date acquired Total Checkouts Full call number Barcode Date last seen Price effective from Koha item type
    Dewey Decimal Classification     Non-Fiction Footprints International School Library Network Toul Kork Campus Footprints International School Library Network Toul Kork Campus TTP Secondary Non-Fiction Bookshelves 11/21/2024   CLA 591.65 QL100.C59 FISSE02167 11/21/2024 11/21/2024 Books